000 01046cam a22002054a 4500
005 20250605164047.0
008 250528s ||||||||||||||||||||||||d
035 _a17165
020 _a748704124
040 _aGR-AtMCL
_bgre
_dGR-AtMCL
_eAACR2
245 1 _aIntroduction to Business Economics
260 _bStanley Thornes (Publishers) Ltd,
_c1992
300 _a266
520 _aIdeal for the business studies student who wishes to gain a thorough grounding in economics. Preface, An Economic Framework, Entrepreneurship and the Structure of Business, Business Objectives, Business Growth, The Firm and the Market, Pricing in Practice, The Investment Decision, The Firm and Financial Markets, The Firm and the Public, Competition and Consumer Protection and Public Policy, Business Location and the Community, The State as Producer, The Business Firm and National Economic Policies, Business and the Changing World, Index.
700 1 _aOld John
_93321
700 1 _aShafto Tony
_91162
942 _cBK
999 _c2601
_d2601